| 000 | 00833nmm a2200313 4500 | ||
|---|---|---|---|
| 005 | 20250123103121.0 | ||
| 007 | cr ||||||||||| | ||
| 008 | 241210s2024 o | cat d | ||
| 041 | _acat | ||
| 041 | _bspa | ||
| 041 | _beng | ||
| 041 | _bfre | ||
| 041 | _bita | ||
| 245 |
_aGlossari d’accessibilitat web (WCAG 2.2) _h[en línia] |
||
| 260 |
_aBarcelona _bUniversitat de Barcelona. Serveis Lingüístics _c2024 |
||
| 500 | _anotes | ||
| 520 | _a104 | ||
| 546 | _acatalà | ||
| 592 | _aObra terminològica | ||
| 593 | _aJA | ||
| 593 | _aLRB | ||
| 593 | _aGE | ||
| 650 | 0 |
_aedició electrònica _965136 |
|
| 650 | 0 |
_apàgines web _962433 |
|
| 650 | 0 |
_arepresentació de la informació _968416 |
|
| 650 | 0 |
_aaccessibilitat _975726 |
|
| 856 | _uhttps://www.ub.edu/ubterm/obra/wcag22/ | ||
| 942 |
_cMO _2ddc _n0 |
||
| 999 |
_c69140 _d69140 |
||